01822cam a22003132 b4500001000800000005001700008006000400025007000500029008000400034020001800038020006500056024001800121035002600139037001300165040001900178050002300197082001400220100002800234210002900262245005400291260006100345300002500406440004200431506004300473520078100516521005301297773003801350856012001388771633220150415094146.0000000 000 a9780854046379 a0854046372 (Trade Paper)cGBP 15.95 Retail Price (Publisher)3 a9780854046379 a(WaSeSS)ssib002250832 b00154291 aBIP UKdWaSeSS aQD510.7b.J66 200200a546.62211 aJones, Chris J.eAuthor10aD- and F-Block Chemistry10aD- and F-Block Chemistry /h[electronic resource] aCambridge : bRoyal Society of Chemistry, ThecFeb. 2001 aviii, 175 p. :bill. 0aTutorial Chemistry Texts Ser.vVol. 4 aLicense restrictions may limit access.8 aAnnotationbThis textbook for undergraduates provides an introduction to the principles underlying the chemistry of the d- and f- block metals with an emphasis on co-ordination compounds. Jones (U. of Birmingham, UK) first briefly describes the origins, uses and importance of these elements. Then aspects of structure, bonding, chemical thermodynamics and spectroscopy are described, with examples drawn from different parts of the d- or f-blocks. The text assumes a basic knowledge of symmetry, atomic structure, thermo-dynamics and electrode potentials. A familiarity with the qualitative use of the molecular orbital approach to bonding is also assumed, although an understanding of group theory is not essential. Annotation c. Book News, Inc., Portland, OR (booknews.com) aCollege AudiencebThe Royal Society of Chemistry 0tRoyal Society of Chemistry eBooks40uhttp://www.columbia.edu/cgi-bin/cul/resolve?clio7716332zFull text available from Royal Society of Chemistry eBooks